01013nam a22002775a 450000500170000000800410001702000180005802000150007604000280009108200230011910000340014224500510017625000130022726000480024030000320028850000270032050000240034750400410037165000590041265000370047165300250050870000180053394200080055199900170055995201590057620160229113506.0160229t2015 nyua frbd 001 0 eng d a9780077861421 a0077861426 aEG-ScBUEbengcEG-ScBUE04222a343.73099bPEM1 aPember, Don R.,d1939-93946010aMass media law /cDon R. Pember, Clay Calvert. a19th ed. aNew York :bMcGraw Hill Education,cc.2015. axiv, 706. :bill. ;c24 cm. aGlossary : p. 688-694. aIndex : p. 695-706. aIncludes bibliographical references. 02BUEshaMass mediaxLaw and legislationzUnited States. 0aPress lawzUnited States.2BUEsh bCOMAMEcFebruary20161 aCalvert, Clay 2ddc c21276d21248 00102ddc40708IqraaaMAINbMAINc1STd2016-02-29ePurchaseg1315.00h3741l2m6o343.73099 PEMp000031768r2026-05-04 00:00:00s2023-11-15v1643.75yBB